| 000 | 00972nam a2200301Ia 4500 | ||
|---|---|---|---|
| 001 | 48108 | ||
| 003 | IT-RoPAU | ||
| 008 | 130308s9999 xx 000 0 und d | ||
| 040 | _aIT-RoPAU | ||
| 040 | _cIT-RoPAU | ||
| 041 | _aITALIANO | ||
| 100 | _aVarese Claudio | ||
| 100 | _gCodice Aut. SPICS: 139 | ||
| 245 | _aProfilo culturale del Seicento | ||
| 245 | _bStoria della Pittura-07-Il Seicento | ||
| 250 | _a1a ed. | ||
| 260 | _aNOVARA | ||
| 260 | _bDe Agostini | ||
| 260 | _c1985 [1° Ed.:1985 - Ed.Ling.Originale:1985] | ||
| 300 | _a"12 p. (prefazione: no ; testo: 12 [pagine: 293-304])" | ||
| 500 | _aContinuità e rinnovamento Filosofia Scienza e Tecnica Confronto tra Società e Religione Nuovo Teatro in Musica e gusto della scenografia molteplici Aspetti della Ricerca Letteraria e Musicale Teatro | ||
| 650 | _aENCICLOPEDIE DI PITTURA | ||
| 650 | _eCodice materia Spics: 5201 | ||
| 942 | _cBK | ||
| 957 | _71 | ||
| 999 |
_c47873 _d47873 |
||
| 999 | _bSI | ||
| 999 | _g1 | ||